<?xml version="1.0" encoding="UTF-8"?><?xml-stylesheet type="text/xsl" href="static/style.xsl"?><OAI-PMH xmlns="http://www.openarchives.org/OAI/2.0/" xmlns:xsi="http://www.w3.org/2001/XMLSchema-instance" xsi:schemaLocation="http://www.openarchives.org/OAI/2.0/ http://www.openarchives.org/OAI/2.0/OAI-PMH.xsd"><responseDate>2026-06-02T00:40:16Z</responseDate><request verb="GetRecord" identifier="oai:riuma.uma.es:10630/23135" metadataPrefix="marc">https://riuma.uma.es/rest/oai/request</request><GetRecord><record><header><identifier>oai:riuma.uma.es:10630/23135</identifier><datestamp>2026-02-03T12:55:45Z</datestamp><setSpec>com_10630_22985</setSpec><setSpec>com_10630_3139</setSpec><setSpec>com_10630_10</setSpec><setSpec>col_10630_22993</setSpec></header><metadata><record xmlns="http://www.loc.gov/MARC21/slim" xmlns:dcterms="http://purl.org/dc/terms/" xmlns:doc="http://www.lyncode.com/xoai" xmlns:xsi="http://www.w3.org/2001/XMLSchema-instance" xsi:schemaLocation="http://www.loc.gov/MARC21/slim http://www.loc.gov/standards/marcxml/schema/MARC21slim.xsd">
   <leader>00925njm 22002777a 4500</leader>
   <datafield ind2=" " ind1=" " tag="042">
      <subfield code="a">dc</subfield>
   </datafield>
   <datafield ind2=" " ind1=" " tag="720">
      <subfield code="a">Oliveira, Isabel</subfield>
      <subfield code="e">author</subfield>
   </datafield>
   <datafield ind2=" " ind1=" " tag="720">
      <subfield code="a">Santos, Paula</subfield>
      <subfield code="e">author</subfield>
   </datafield>
   <datafield ind2=" " ind1=" " tag="720">
      <subfield code="a">Guedes, Anabela</subfield>
      <subfield code="e">author</subfield>
   </datafield>
   <datafield ind2=" " ind1=" " tag="720">
      <subfield code="a">Antunes, Sandra</subfield>
      <subfield code="e">author</subfield>
   </datafield>
   <datafield ind2=" " ind1=" " tag="260">
      <subfield code="c">2020</subfield>
   </datafield>
   <datafield ind2=" " ind1=" " tag="520">
      <subfield code="a">As exigências do mundo do trabalho e a uniformização a que assistimos no espaço comunitário europeu, ao nível do Ensino superior, têm exigido que os curricula sejam desenhados e pensados de acordo com as competências que os alunos têm de alcançar. O presente trabalho procura analisar a forma como as competências e objetivos são consolidados durante o estágio realizado no sexto semestre da licenciatura de Secretariado de Administração. Além da pesquisa exploratória e bibliográfica, foi utilizado o método de estudo de caso, com base em todos os relatórios de estágio realizados e apresentados pelos alunos (estudo de multicasos), entre 2012 e 2018, com o objetivo de identificar quais as competências mais solicitadas pelas entidades de acolhimento e aquelas que têm sido mais trabalhadas pelos alunos.</subfield>
   </datafield>
   <datafield ind1="8" ind2=" " tag="024">
      <subfield code="a">Oliveira, I., Santos, P., Guedes, A., &amp; Antunes, S. (2020). Competências e estágio na licenciatura de Secretariado de Administração. Revista Practicum, 5(1), 121-139. https://doi.org/10.24310/RevPracticumrep.v5i1.9834</subfield>
   </datafield>
   <datafield ind1="8" ind2=" " tag="024">
      <subfield code="a">https://hdl.handle.net/10630/23135</subfield>
   </datafield>
   <datafield ind1="8" ind2=" " tag="024">
      <subfield code="a">https://doi.org/10.24310/RevPracticumrep.v5i1.9834</subfield>
   </datafield>
   <datafield tag="653" ind2=" " ind1=" ">
      <subfield code="a">Enseñanza superior</subfield>
   </datafield>
   <datafield ind2="0" ind1="0" tag="245">
      <subfield code="a">Competências e estágio na licenciatura de Secretariado de Administração</subfield>
   </datafield>
</record>
</metadata></record></GetRecord></OAI-PMH>